|
|
|
|
| LEADER |
01246nam a2200289 a 4500 |
| 001 |
00025157 |
| 008 |
120519s2010 enka 000 1 eng |
| 020 |
|
|
|a 9780194248181
|
| 020 |
|
|
|a 9780194247764 (book and multiROM pack)
|
| 040 |
|
|
|a BD-DhAAL
|c BD-DhAAL.
|
| 082 |
0 |
0 |
|a 428.6
|2 22
|
| 100 |
1 |
|
|a Cooper, James Fenimore.
|9 54154
|
| 245 |
1 |
4 |
|a The last of the Mohicans /
|c James Fenimore Cooper ; text adaptation by Bill Bowler ; illustrated by Thomas Sperling.
|
| 260 |
|
|
|a Oxford ;
|a New York :
|b Oxford University Press,
|c c2010.
|
| 300 |
|
|
|a 83 p. :
|b col. ill. ;
|c 21 cm.
|
| 490 |
1 |
|
|a Dominoes. Level three.
|
| 541 |
|
|
|e 00025157
|
| 650 |
0 |
|
|a High interest-low vocabulary books.
|9 30017
|
| 650 |
0 |
|
|a English language
|v Textbooks for foreign speakers.
|
| 650 |
0 |
|
|a Horror stories.
|9 39934
|
| 700 |
1 |
|
|a Bowler, Bill.
|9 30018
|
| 700 |
1 |
|
|a Sperling, Thomas.
|9 54155
|
| 830 |
|
|
|a Dominoes. Level three.
|9 54156
|
| 852 |
1 |
|
|a Ayesha Abed Library
|c General shelf.
|
| 942 |
|
|
|2 ddc
|c BK
|
| 999 |
|
|
|c 12250
|d 12250
|
| 952 |
|
|
|0 0
|1 0
|2 ddc
|4 0
|6 428_600000000000000_COO
|7 0
|9 20279
|a BRACUL
|b BRACUL
|c GEN
|d 2012-05-23
|e Karim International
|g 651.00
|l 6
|m 17
|o 428.6 COO
|p 3010025157
|r 2025-08-18
|s 2025-08-07
|t 1
|w 2012-05-23
|y BK
|x Transferred from BIL to BRACUL on 06/06/22
|